| 000 | 01062naa a2200301 c 4500 | ||
|---|---|---|---|
| 001 | 40724 | ||
| 003 | ES-MaCES | ||
| 005 | 20130527101200.0 | ||
| 008 | 101005n2010 sp t 000 | spa d | ||
| 035 | _aCES20100010629v | ||
| 040 |
_aES-MaCES _bspa _cES-MaCES |
||
| 100 | 1 |
_aAgudo González, Jorge _95663 |
|
| 245 | 1 | 0 |
_aMecanismos jurídicos para la limitación de la oferta de suelo _cJorge Agudo González |
| 500 | _aResumen | ||
| 610 | 1 | 4 |
_aEspaña _tLey de suelo _d2007 _93063 |
| 650 | 4 |
_aEspaña _926964 |
|
| 650 | 4 |
_alegislación _927153 |
|
| 650 | 4 |
_aregistro de la propiedad _931123 |
|
| 650 | 4 |
_afijación del precio _928285 |
|
| 650 | 4 |
_aoferta _927893 |
|
| 650 | 4 |
_aplanificación urbana _928620 |
|
| 650 | 4 |
_aurbanización _928625 |
|
| 653 | 1 | 0 | _aVivienda-Construcción-Urbanismo |
| 773 | 0 |
_tRevista de Derecho Urbanístico y Medio Ambiente _gaño 44, n. 258 (jun. 2010){10603 R. 077374}; p. 71-112 _w(ES-MaCES)25608 _965602 |
|
| 902 | _aART Artículo de revista | ||
| 942 |
_2CES _cAR _h5.2. |
||
| 999 |
_c40724 _d40724 |
||